Vplyv dodávateľov a kupujúcich v konkurenčnom prostredí

Vplyv dodávateľov na rozhodovanie podnikateľov a manažérov. Hrozba pre etablované podniky pri silnom, príležitosť pri slabom postavení dodávateľov a kupujúcich. Podmienky ovplyvňujúce postavenie. Substitučné produkty - výrobky alebo služby s podobnými funkčnými vlastnosťami.

Uložené v:
Podrobná bibliografia
Hlavný autor: Papula, J.
Médium: Kapitola
Jazyk:Slovak
Predmet:
Tagy: Pridať tag
Žiadne tagy, Buďte prvý, kto otaguje tento záznam!

MARC

LEADER 00000naa a2200000 4500
001 r016388
005 20221213113646.9
041 0 |a slo 
044 |a SK 
245 1 0 |a Vplyv dodávateľov a kupujúcich v konkurenčnom prostredí  |c J. Papula 
520 |a Vplyv dodávateľov na rozhodovanie podnikateľov a manažérov. Hrozba pre etablované podniky pri silnom, príležitosť pri slabom postavení dodávateľov a kupujúcich. Podmienky ovplyvňujúce postavenie. Substitučné produkty - výrobky alebo služby s podobnými funkčnými vlastnosťami. 
610 2 0 |a konkurencia 
610 2 0 |a manažment 
610 2 0 |a dodávatelia 
610 2 0 |a spotrebitelia 
610 2 0 |a podnikatelia 
610 2 0 |a výrobky 
610 2 0 |a služby 
610 2 0 |a substitúcia 
100 1 |a Papula, J.